Archæographies: Excavating Neolithic Dispilio – X

محفوظ في:

المؤلف الرئيسي: Fotis Ifantidis

التنسيق: كتاب

اللغة: Undetermined

الوصول للمادة أونلاين: Login to view Source

الوسوم: إضافة وسم

لا توجد وسوم, كن أول من يضع وسما على هذه التسجيلة!

رقم الطلب:

LEADER 00423nmm a2200121Ia 4500
008 240716s9999||||xx |||||||||||||||||und||
020 |a 9781803277899 
100 |a Fotis Ifantidis 
245 1 0 |a Archæographies: Excavating Neolithic Dispilio – X  |c Fotis Ifantidis 
264 |b Archaeopress Archaeology  |c 18-أبريل-24 
856 4 0 |u http://library.arce.org:8087/Archaeopress/Products/9781803277899 
942 |2 lcc  |c EBOOK 
999 |c 58940  |d 58940